[Event "Warsaw YMCA Winter-A 271st"]
[Site "Warsaw"]
[Date "2023.03.21"]
[Round "11"]
[White "Rylski, Tadeusz"]
[Black "Terkiewicz, Bruno"]
[Result "0-1"]
[WhiteElo "1800"]
[BlackElo "1769"]
[PlyCount "79"]
[EventDate "2023.01.13"]
[EventType "tourn"]
[EventRounds "11"]
[EventCountry "POL"]
[SourceTitle "EXT 2024"]
[Source "ChessBase"]
[SourceDate "2023.10.10"]
[SourceVersion "1"]
[SourceVersionDate "2023.10.10"]
[SourceQuality "1"]

1. e4 c6 2. d4 d5 3. exd5 cxd5 4. Bd3 Nc6 5. c3 Qc7 6. Ne2 Bg4 7. 0-0 Nf6 8. Qe1 Bh5 9. Bf4 Qb6 10. Na3 Bg6 11. Qb1 a6 12. Bxg6 hxg6 13. Nc2 e6 14. Ne1 Ne4 15. Nf3 Bd6 16. Bxd6 Nxd6 17. Ng5 Nc4 18. Qc2 Qc7 19. g3 Rh5 20. h4 Nd6 21. Nf4 Rh6 22. Qd2 Nf5 23. Rfe1 0-0-0 24. Ngxe6 fxe6 25. Nxe6 Qd7 26. Nxd8 Nxd8 27. Qe2 Nf7 28. Qe8+ Kc7 29. Rac1 N7d6 30. Qe5 Rh5 31. c4 Nxh4 32. cxd5+ Kb8 33. Qf4 Nhf5 34. Re6 Ka7 35. g4 Rh4 36. Qg5 Nf7 37. Qxg6 Qxd5 38. Rxa6+ Kb8 39. f3 Qxd4+ 40. Kf1 0-1

[Event "Warsaw YMCA Autumn-A 266th"]
[Site "Warsaw"]
[Date "2022.09.30"]
[Round "6"]
[White "Matyszkiewicz, Wiktor"]
[Black "Rylski, Tadeusz"]
[Result "0-1"]
[WhiteElo "1793"]
[BlackElo "1733"]
[PlyCount "108"]
[EventDate "2022.09.30"]
[EventType "tourn"]
[EventRounds "13"]
[EventCountry "POL"]
[SourceTitle "EXT 2024"]
[Source "ChessBase"]
[SourceDate "2023.10.10"]
[SourceVersion "1"]
[SourceVersionDate "2023.10.10"]
[SourceQuality "1"]

1. e4 c5 2. Nf3 e6 3. d4 cxd4 4. Nxd4 a6 5. Nc3 b5 6. e5 Bb7 7. Be3 Qc7 8. f4 Bb4 9. Qd2 Ne7 10. Bd3 Nd5 11. 0-0 Nxc3 12. bxc3 Bxc3 13. Qf2 Bxa1 14. Rxa1 Nc6 15. Nb3 Nb4 16. Bc5 Nxd3 17. cxd3 Bd5 18. Bd6 Qd8 19. Nc5 f5 20. Rc1 Rc8 21. d4 Kf7 22. Rc3 Qa5 23. Rc2 Rhd8 24. h3 Kg8 25. Kh2 h6 26. Qh4 Kh7 27. Re2 Qc3 28. Qf2 Qa5 29. a3 Bc6 30. Re3 Rg8 31. h4 Ra8 32. g4 fxg4 33. f5 exf5 34. Qxf5+ Kh8 35. Qd3 Qd8 36. d5 Qxh4+ 37. Kg1 g3 38. Rxg3 Bxd5 39. Nxd7 Qh1+ 40. Kf2 Qh2+ 41. Ke1 Rac8 42. Nc5 Bc4 43. Qe3 Rcf8 44. Bxf8 Rxf8 45. Rg1 Rf5 46. Nd7 Qh4+ 47. Kd1 Qh5+ 48. Kc1 Be6 49. Qa7 Bxd7 50. Qxd7 Rg5 51. Qd8+ Kh7 52. Rf1 Rxe5 53. Rg1 Rc5+ 54. Kb1 Qf5+ 0-1

[Event "Warsaw YMCA Autumn-A 266th"]
[Site "Warsaw"]
[Date "2022.09.30"]
[Round "3"]
[White "Rylski, Tadeusz"]
[Black "Szukalski, Antoni"]
[Result "0-1"]
[WhiteElo "1733"]
[BlackElo "1702"]
[PlyCount "82"]
[EventDate "2022.09.30"]
[EventType "tourn"]
[EventRounds "13"]
[EventCountry "POL"]
[SourceTitle "EXT 2024"]
[Source "ChessBase"]
[SourceDate "2023.10.10"]
[SourceVersion "1"]
[SourceVersionDate "2023.10.10"]
[SourceQuality "1"]

1. e4 c6 2. d4 d5 3. Nc3 dxe4 4. Nxe4 Bf5 5. Ng3 Bg6 6. h4 h6 7. h5 Bh7 8. Nf3 Nf6 9. Bd3 Bxd3 10. Qxd3 Nbd7 11. Bd2 e6 12. 0-0-0 Qc7 13. Ne4 Nxe4 14. Qxe4 Nf6 15. Qe2 Bd6 16. Ne5 0-0-0 17. Rh3 Bxe5 18. dxe5 Nd7 19. f4 Nb6 20. Rg3 Rhg8 21. Bb4 Rxd1+ 22. Qxd1 Nd5 23. Bd6 Qb6 24. Qf1 Qd4 25. Rd3 Qe4 26. Qf2 b6 27. Rf3 g6 28. b3 gxh5 29. f5 exf5 30. c4 Nc7 31. Kb2 Ne6 32. Ka3 f4 33. Qh4 Rg5 34. Be7 Rxe5 35. Qf6 Ra5+ 36. Kb4 Qe1+ 37. Rc3 Rxa2 38. Qh8+ Kb7 39. c5 a5+ 40. Kc4 Qe4+ 41. Qd4 Qxd4# 0-1

[Event "Warsaw YMCA Autumn-A 266th"]
[Site "Warsaw"]
[Date "2022.09.30"]
[Round "8"]
[White "Rylski, Tadeusz"]
[Black "Terkiewicz, Bruno"]
[Result "1-0"]
[WhiteElo "1733"]
[BlackElo "1846"]
[PlyCount "75"]
[EventDate "2022.09.30"]
[EventType "tourn"]
[EventRounds "13"]
[EventCountry "POL"]
[SourceTitle "EXT 2024"]
[Source "ChessBase"]
[SourceDate "2023.10.10"]
[SourceVersion "1"]
[SourceVersionDate "2023.10.10"]
[SourceQuality "1"]

1. e4 c6 2. d4 d5 3. exd5 cxd5 4. Bd3 Nc6 5. c3 Qc7 6. Ne2 Bg4 7. 0-0 e6 8. Qe1 Nf6 9. Bg5 Bh5 10. f4 Bxe2 11. Qxe2 0-0-0 12. b4 h6 13. Bxf6 gxf6 14. Na3 Kb8 15. Nb5 Qd7 16. a4 h5 17. a5 Bh6 18. a6 b6 19. Kh1 Rdg8 20. f5 e5 21. dxe5 fxe5 22. Rad1 Qc8 23. c4 f6 24. cxd5 Nxb4 25. Be4 Rd8 26. d6 Rh7 27. Bb7 Qc2 28. Qf3 Qc5 29. Nc7 Qc4 30. Ba8 e4 31. Bxe4 Kc8 32. Ne6 Rdd7 33. Bb7+ Kb8 34. Rd4 Qb5 35. Nc7 Rxc7 36. dxc7+ Kxc7 37. Qg3+ Qe5 38. Qc3+ 1-0

[Event "Warsaw Szansa op"]
[Site "Warsaw"]
[Date "2022.09.18"]
[Round "9"]
[White "Jarocka, Liwia"]
[Black "Rylski, Tadeusz"]
[Result "1/2-1/2"]
[WhiteElo "2131"]
[BlackElo "1733"]
[PlyCount "108"]
[EventDate "2022.09.17"]
[EventType "swiss (rapid)"]
[EventRounds "11"]
[EventCountry "POL"]
[SourceTitle "EXT 2023"]
[Source "ChessBase"]
[SourceDate "2022.10.05"]
[SourceVersion "1"]
[SourceVersionDate "2022.10.05"]
[SourceQuality "1"]

1. d4 d5 2. Nf3 Nf6 3. c4 c6 4. e3 e6 5. Nc3 Nbd7 6. Be2 dxc4 7. a4 Bb4 8. Bxc4 0-0 9. 0-0 Nb6 10. Bd3 Re8 11. Qc2 Bd6 12. e4 e5 13. dxe5 Bxe5 14. Nxe5 Rxe5 15. Bf4 Re8 16. Rfe1 h6 17. Rad1 Qe7 18. h3 Be6 19. Qe2 Rad8 20. e5 Nfd5 21. Qe4 f5 22. exf6 Nxf6 23. Qg6 Qf7 24. Bxh6 Qxg6 25. Bxg6 Rxd1 26. Nxd1 Bf7 27. Rxe8+ Nxe8 28. Bxf7+ Kxf7 29. Be3 Nd6 30. b3 Nbc8 31. Kf1 a6 32. Ke2 Ne7 33. Bc5 Ke6 34. Ne3 b5 35. axb5 cxb5 36. Kd3 Nef5 37. Nxf5 Nxf5 38. g4 Nh4 39. f4 Kd5 40. Bf2 Ng2 41. Bg3 a5 42. f5 a4 43. bxa4 bxa4 44. Kc3 Ke4 45. Kb4 Ne3 46. Bd6 Kf3 47. Bf8 Nxg4 48. Bxg7 Nf2 49. f6 Nd3+ 50. Kxa4 Ne5 51. Kb5 Kg3 52. Kc5 Nd7+ 53. Kd6 Nxf6 54. Bxf6 Kxh3 1/2-1/2

[Event "Warsaw Szansa op"]
[Site "Warsaw"]
[Date "2022.09.18"]
[Round "11"]
[White "Rylski, Tadeusz"]
[Black "Krasenkova, Ilena"]
[Result "0-1"]
[WhiteElo "1733"]
[BlackElo "2124"]
[PlyCount "178"]
[EventDate "2022.09.17"]
[EventType "swiss (rapid)"]
[EventRounds "11"]
[EventCountry "POL"]
[SourceTitle "EXT 2023"]
[Source "ChessBase"]
[SourceDate "2022.10.05"]
[SourceVersion "1"]
[SourceVersionDate "2022.10.05"]
[SourceQuality "1"]

1. e4 d6 2. d4 c6 3. c4 g6 4. Nc3 Bg7 5. Nf3 Nf6 6. Be2 0-0 7. 0-0 Qc7 8. Qc2 e5 9. dxe5 dxe5 10. Be3 Bg4 11. Bc5 Rd8 12. Rad1 Na6 13. Ba3 Bxf3 14. Bxf3 Rd4 15. Ne2 Rxd1 16. Rxd1 Rd8 17. Nc3 Rd4 18. Ne2 Rd7 19. Nc1 h5 20. h3 c5 21. Rxd7 Qxd7 22. Qd3 Bh6 23. Qxd7 Nxd7 24. Nd3 b6 25. b4 cxb4 26. Nxb4 Nxb4 27. Bxb4 Bf8 28. Bc3 f6 29. Kf1 Bc5 30. Ke2 Kf7 31. h4 Nb8 32. g4 hxg4 33. Bxg4 Ke7 34. f3 Nc6 35. Kd3 Bb4 36. Bb2 a5 37. h5 gxh5 38. Bxh5 Bc5 39. Bc3 a4 40. Bg4 Bb4 41. Bb2 a3 42. Bc1 Bc5 43. Kc3 Nd4 44. f4 Kd6 45. Bd1 Nc6 46. Kb3 Na5+ 47. Kc3 Bd4+ 48. Kd3 Bb2 49. Bd2 Nc6 50. Ba4 Nd4 51. Bb4+ Ke6 52. fxe5 Kxe5 53. c5 bxc5 54. Bxc5 Ne6 55. Be3 Bd4 56. Bxd4+ Nxd4 57. Bd7 Nf3 58. Ke3 Ne1 59. Ba4 Ng2+ 60. Kf3 Nf4 61. Ke3 Ne6 62. Bb3 Nc5 63. Bc2 Ne6 64. Bb3 Nd4 65. Bd1 Nb5 66. Kd3 Nd6 67. Bf3 Kf4 68. Bg2 Nf7 69. Kd4 Ng5 70. Kd5 Kg3 71. Bf1 Kf2 72. Bd3 Ke3 73. Bb1 Nf3 74. Bc2 Nd4 75. Ba4 Ne2 76. e5 fxe5 77. Kxe5 Nc3 78. Bb3 Kd3 79. Kd6 Ne2 80. Kc5 Kc3 81. Kb5 Nd4+ 82. Ka4 Kb2 83. Bc4 Nf3 84. Kb4 Ne5 85. Be2 Kxa2 86. Kc3 Kb1 87. Bd1 a2 88. Bc2+ Kc1 89. Kb3 a1Q 0-1

[Event "POL-ch U14"]
[Site "Uniejow"]
[Date "2021.07.22"]
[Round "6"]
[White "Rylski, Tadeusz"]
[Black "Zieba, Hubert"]
[Result "1/2-1/2"]
[WhiteElo "1644"]
[BlackElo "1417"]
[PlyCount "86"]
[EventDate "2021.07.18"]
[EventType "swiss"]
[EventRounds "9"]
[EventCountry "POL"]
[SourceTitle "EXT 2022"]
[Source "ChessBase"]
[SourceDate "2021.10.06"]
[SourceVersion "1"]
[SourceVersionDate "2021.10.06"]
[SourceQuality "1"]

1. d4 Nf6 2. c4 c5 3. d5 b5 4. cxb5 a6 5. e3 d6 6. Nc3 g6 7. Nf3 Bg7 8. e4 0-0 9. Bg5 Nbd7 10. bxa6 Bxa6 11. Bxa6 Rxa6 12. 0-0 Qb6 13. Qc2 Rb8 14. Rab1 Kf8 15. h3 Ne8 16. Rfe1 Nc7 17. Bf4 Nb5 18. Nxb5 Qxb5 19. b3 Qa5 20. Re2 Rba8 21. a4 Rb8 22. e5 Qb4 23. Re4 Qb7 24. Qd3 Nxe5 25. Nxe5 Bxe5 26. Bxe5 dxe5 27. Qc4 Rb6 28. Rxe5 Rxb3 29. Rxb3 Qxb3 30. Qxc5 Qb1+ 31. Kh2 Qb4 32. Qe3 Ra8 33. Re4 Qd6+ 34. g3 Qxd5 35. Rxe7 Rxa4 36. Re5 Qd7 37. Qc5+ Kg8 38. Rd5 Qe8 39. Re5 Qf8 40. Qc6 Ra8 41. h4 Rc8 42. Qe4 Qg7 43. Qe3 h5 1/2-1/2

[Event "Malopolska Region-chB"]
[Site "Krakow"]
[Date "2021.06.05"]
[Round "6"]
[White "Rylski, Tadeusz"]
[Black "Krupinski, Mikolaj"]
[Result "0-1"]
[WhiteElo "1638"]
[BlackElo "1830"]
[PlyCount "120"]
[EventDate "2021.06.03"]
[EventType "swiss"]
[EventRounds "7"]
[EventCountry "POL"]
[SourceTitle "EXT 2023"]
[Source "ChessBase"]
[SourceDate "2022.10.05"]
[SourceVersion "1"]
[SourceVersionDate "2022.10.05"]
[SourceQuality "1"]

1. e4 c5 2. Nf3 Nc6 3. d4 cxd4 4. Nxd4 Nf6 5. Nc3 d6 6. Bb5 Bd7 7. 0-0 Qb6 8. Be3 Ng4 9. Qxg4 Bxg4 10. Nxc6 bxc6 11. Bxb6 cxb5 12. Ba5 Rb8 13. Nd5 Kd7 14. f4 Be6 15. Ne3 g6 16. Bc3 f6 17. Rad1 Bh6 18. Nd5 Rhc8 19. a3 Rc4 20. Rd4 Bxd5 21. exd5 Rbc8 22. Rxc4 Rxc4 23. g3 g5 24. fxg5 Bxg5 25. Kg2 Be3 26. Rd1 Bb6 27. Rd3 a5 28. b3 Rc8 29. Kf3 e5 30. dxe6+ Kxe6 31. h4 h5 32. Kf4 d5 33. Kf3 Rc7 34. Kf4 Rg7 35. Kf3 Rc7 36. Kf4 b4 37. axb4 axb4 38. Bxb4 Rxc2 39. Rd2 Bc7+ 40. Kf3 Rc1 41. Re2+ Kf5 42. Re7 Be5 43. Rh7 Kg6 44. Rh6+ Kg7 45. Rxh5 Rb1 46. Kg2 Rb2+ 47. Kh3 Rxb3 48. Be1 Re3 49. Bf2 Re2 50. Bc5 d4 51. Rf5 Re3 52. Kg2 Rxg3+ 53. Kf2 Rc3 54. Bb4 Rb3 55. Bd2 Kg6 56. Rf3 Rb2 57. Ke1 Kh5 58. Bc1 Rb1 59. Kd2 Kg4 60. Rd3 Bf4+ 0-1

[Event "Mazowiec-chT op 1819"]
[Site "Warsaw"]
[Date "2019.02.17"]
[Round "7.6"]
[White "Wypych, Dominik"]
[Black "Rylski, Tadeusz"]
[Result "1-0"]
[WhiteElo "2091"]
[BlackElo "1466"]
[PlyCount "65"]
[EventDate "2018.12.02"]
[EventType "team-swiss"]
[EventRounds "10"]
[EventCountry "POL"]
[SourceTitle "EXT 2020"]
[Source "ChessBase"]
[SourceDate "2019.10.17"]
[SourceVersion "1"]
[SourceVersionDate "2019.10.17"]
[SourceQuality "1"]

1. d4 Nf6 2. c4 e6 3. Nf3 b6 4. g3 Bb7 5. Bg2 Bb4+ 6. Nbd2 0-0 7. 0-0 d5 8. Qc2 Bd6 9. b3 Nbd7 10. Bb2 c5 11. Rac1 Rc8 12. Qb1 h6 13. Rfd1 Qe7 14. cxd5 exd5 15. Nh4 Qxe2 16. Nf5 Bb8 17. Bf1 Qe6 18. Bh3 Kh8 19. Kg2 Qe2 20. Nf3 Qe4 21. Qa1 Ng4 22. N5h4 Ndf6 23. Re1 Qh7 24. Ne5 Nxe5 25. dxe5 d4+ 26. Kg1 Nd5 27. Bxc8 Rxc8 28. Qb1 d3 29. Rcd1 Nb4 30. Re3 Be4 31. f3 Nc2 32. Rxe4 Rd8 33. Qxc2 1-0

[Event "Mazowiec-chT op 1819"]
[Site "Warsaw"]
[Date "2018.12.02"]
[Round "1.6"]
[White "Berdyga, Mariusz"]
[Black "Rylski, Tadeusz"]
[Result "0-1"]
[WhiteElo "1335"]
[BlackElo "1466"]
[PlyCount "86"]
[EventDate "2018.12.02"]
[EventType "team-swiss"]
[EventRounds "10"]
[EventCountry "POL"]
[SourceTitle "EXT 2020"]
[Source "ChessBase"]
[SourceDate "2019.10.17"]
[SourceVersion "1"]
[SourceVersionDate "2019.10.17"]
[SourceQuality "1"]

1. e4 e6 2. Nf3 c5 3. c3 d5 4. exd5 Qxd5 5. d4 cxd4 6. cxd4 Nc6 7. Nc3 Bb4 8. Bd2 Qd8 9. Bb5 Nge7 10. 0-0 0-0 11. a3 Ba5 12. Bg5 Bd7 13. d5 exd5 14. Nxd5 f6 15. Bf4 Ne5 16. Bxe5 Bxb5 17. Nxe7+ Kh8 18. Bd6 Bxf1 19. Kxf1 Qd7 20. Bc5 Qb5+ 21. Qe2 Qxc5 22. b4 Qc3 23. Rd1 Bb6 24. Nh4 Rfe8 25. Nhf5 Qe5 26. Qxe5 fxe5 27. Rd7 g6 28. Nd6 Rf8 29. f3 Rad8 30. Nxg6+ hxg6 31. Nf7+ Rxf7 32. Rxf7 Rd1+ 33. Ke2 Rg1 34. g4 Rg2+ 35. Kd3 Rxh2 36. Rxb7 Ra2 37. Ke4 Rxa3 38. g5 Re3+ 39. Kd5 Rxf3 40. Rb8+ Kg7 41. Rb7+ Rf7 42. Rb8 Rd7+ 43. Kxe5 Bc7+ 0-1

[Event "Mazowiec-chT op 1718"]
[Site "Warsaw"]
[Date "2018.01.07"]
[Round "3.27"]
[White "Budny, Piotr"]
[Black "Rylski, Tadeusz"]
[Result "0-1"]
[WhiteElo "1234"]
[BlackElo "1188"]
[PlyCount "110"]
[EventDate "2017.12.03"]
[EventType "team-swiss"]
[EventRounds "10"]
[EventCountry "POL"]
[SourceTitle "EXT 2020"]
[Source "ChessBase"]
[SourceDate "2019.10.17"]
[SourceVersion "1"]
[SourceVersionDate "2019.10.17"]
[SourceQuality "1"]

1. c4 e5 2. g3 g6 3. Bg2 Bg7 4. Nc3 Nc6 5. d3 f5 6. Nf3 Nf6 7. 0-0 d6 8. a3 a5 9. Rb1 Bd7 10. Bd2 0-0 11. Qc1 e4 12. dxe4 Nxe4 13. Bh6 Nxc3 14. bxc3 Ra7 15. Bxg7 Kxg7 16. Nd4 Qe8 17. e3 b6 18. Nb5 Rb7 19. Qd1 Be6 20. Nd4 Bd7 21. Qf3 Nd8 22. Qf4 Rb8 23. Nb5 Rc8 24. Qd4+ Qe5 25. f4 Qf6 26. Qxf6+ Rxf6 27. Rfe1 Ne6 28. Na7 Re8 29. Nc6 Bxc6 30. Bxc6 Re7 31. e4 Nd8 32. Ba4 fxe4 33. Re3 Nb7 34. Rbe1 Nc5 35. Bc6 Kf8 36. Kf1 g5 37. Kg2 gxf4 38. gxf4 Rxf4 39. Bd5 Rg7+ 40. Rg3 Rxg3+ 41. hxg3 Rg4 42. Rf1+ Kg7 43. Rf7+ Kh6 44. Rxc7 Na4 45. Rd7 Nxc3 46. Rxd6+ Rg6 47. Rxg6+ Kxg6 48. Kf2 Nxd5 49. cxd5 Kf5 50. Ke3 Ke5 51. d6 Kxd6 52. Kxe4 b5 53. Kd4 h5 54. Ke4 Ke6 55. Kf4 Kf6 0-1